Life of Samuel Johnson, LL.D. /

Tallennettuna:
Bibliografiset tiedot
Päätekijä: Boswell, James (autor)
Muut tekijät: Hutchins, Robert Maynard (edición general) (edición general)
Aineistotyyppi: Kirja
Kieli:englanti
Julkaistu: Chicago, EUA : Encyclopaedia Britannica, 1978, c1952
Tagit: Lisää tagi
Ei tageja, Lisää ensimmäinen tagi!

MARC

LEADER 00000nam^a2200000^a^4500
001 000630141
005 20260415000000.0
009 20260415195726.142
020 |a 0-85229-163-9 
037 |a Acervo ITESO - Biblioteca 
041 |a ING 
091 |a FOB. 04484 
100 |a Boswell, James  |e (autor) 
240 1 1 |a [Great Books of the Western World] 
245 1 0 |a Life of Samuel Johnson, LL.D. / 
264 4 |a Chicago, EUA :  |b Encyclopaedia Britannica,  |c 1978, c1952 
300 |a XVII, 618 p. 
336 |a texto  |b txt  |2 rdacontenido 
337 |a sin mediación  |b n  |2 rdamedio 
338 |a volumen  |b nc  |2 rdasoporte 
649 |a XX 
700 |a Hutchins, Robert Maynard  |e (edición general) 
910 |a Fondo Carlos de Obeso Orendain 
920 |a Impresos - Libros 
930 |a Fondos Especiales 
940 |a Literatura 
905 |a 147 
901 |a 630141-10  |b IT2  |c ESP  |i D  |u 20260415 
902 |a https://opac.biblio.iteso.mx/vufind/Record/000630141